Sổ tay pháp luật dành cho cán bộ, công chức và người lao động

Zapisane w:
Opis bibliograficzny
Format: Książka
Język:Undetermined
Wydane: H. Lao Động 2003
Hasła przedmiotowe:
Etykiety: Dodaj etykietę
Nie ma etykietki, Dołącz pierwszą etykiete!
Thư viện lưu trữ: Trung tâm Học liệu Trường Đại học Cần Thơ
LEADER 00527nam a2200181Ia 4500
001 CTU_59187
008 210402s9999 xx 000 0 und d
020 |b 130000 
082 |a 344.59701 
082 |b S450 
245 0 |a Sổ tay pháp luật dành cho cán bộ, công chức và người lao động 
260 |a H. 
260 |b Lao Động 
260 |c 2003 
650 |a labor laws and legislation 
650 |z vietnam 
904 |i Minh 
980 |a Trung tâm Học liệu Trường Đại học Cần Thơ